Statistics for Rappers by Picture

Click here to take the quiz!

General Stats

  • This quiz has been taken 10,037 times
    (9,622 since last reset)
  • The average score is 13 of 20

Answer Stats

Answer % Correct
Snoop Dogg
98%
Eminem
97%
Drake
96%
Kanye West
95%
Jay Z
92%
Nicki Minaj
88%
Ice Cube
84%
50 Cent
81%
Lil Wayne
81%
Post Malone
77%
Dr. Dre
62%
Puff Daddy
61%
Ludacris
58%
Chance the Rapper
57%
Queen Latifah
49%
Wiz Khalifa
45%
LL Cool J
39%
Lil' Kim
35%
Missy Elliott
31%
Busta Rhymes
24%

Score Distribution

Percentile by Number Answered

Percent of People with Each Score

Your Score History

You have not taken this quiz since the last reset